My mini maths book : measures and graphs / (Record no. 2175)

MARC details
000 -LEADER
fixed length control field 00869nam a22002417a 4500
005 - DATE AND TIME OF LATEST TRANSACTION
control field 20231113085118.0
020 ## - INTERNATIONAL STANDARD BOOK NUMBER
International Standard Book Number 9789814235211
040 ## - CATALOGING SOURCE
Original cataloging agency FISKH
Language of cataloging eng
Transcribing agency FISKH
Modifying agency FISKH
082 ## - DEWEY DECIMAL CLASSIFICATION NUMBER
Classification number 516
100 ## - MAIN ENTRY--PERSONAL NAME
Personal name Tan, Janet
245 ## - TITLE STATEMENT
Title My mini maths book : measures and graphs /
Statement of responsibility, etc. Stimulates learning ability in Mathematics Improves observation and analytical skills aids application of mathematics in daily life Janet tan B.B.A.
260 ## - PUBLICATION, DISTRIBUTION, ETC.
Place of publication, distribution, etc. Singapore :
Name of publisher, distributor, etc. Educational Publishing House Pte Ltd,
Date of publication, distribution, etc. 2007
300 ## - PHYSICAL DESCRIPTION
Extent 53 pages :
Dimensions 24 cm
505 ## - FORMATTED CONTENTS NOTE
Formatted contents note K
520 ## - SUMMARY, ETC.
Summary, etc. Stimulates learning ability in Mathematics, Improves observation and analytical skills, and aids application of mathematics in daily life.
521 ## - TARGET AUDIENCE NOTE
Target audience note 500
Source Lexile estimate
521 ## - TARGET AUDIENCE NOTE
Target audience note K
Source Raz-Plus
650 ## - SUBJECT ADDED ENTRY--TOPICAL TERM
Topical term or geographic name entry element Maths
650 ## - SUBJECT ADDED ENTRY--TOPICAL TERM
Topical term or geographic name entry element measure
650 ## - SUBJECT ADDED ENTRY--TOPICAL TERM
Topical term or geographic name entry element Graph
942 ## - ADDED ENTRY ELEMENTS (KOHA)
Source of classification or shelving scheme Dewey Decimal Classification
Koha item type Books
Suppress in OPAC No
999 ## -
-- 2175
-- 2175
Holdings
Withdrawn status Lost status Source of classification or shelving scheme Damaged status Not for loan Collection Home library Current library Shelving location Date acquired Total Checkouts Full call number Barcode Date last seen Price effective from Koha item type
    Dewey Decimal Classification     Non-Fiction Footprints International School Library Network Toul Kork Campus Footprints International School Library Network Toul Kork Campus TK Primary Library Room(4th Floor), Bookcase 1&2, Shelves 1-16, Dark Blue Books 11/08/2023   TAN 516 2023-0738 11/08/2023 11/08/2023 Books